000 01099nmm a2200325 a 4500
001 ocm0002146794
003 TR-IsHL
005 20201028183845.0
008 190423s2017 tu tur
007 cr cn
020 _a9786053223702
035 _a2146794
_b(N$T)
050 0 4 _aHD58.6
_b.K37 2017
090 0 4 _aHD58.6
_b.K37 2017
100 1 _aKarabacak, Hakan
245 1 0 _aMüzakere oyunları: oyun teorisi ile masadan kazançlı kalkın!
_h[electronic resource] /
_cHakan Karabacak ; yayına hazırlayan Utku Umut Bulsun
260 _aİstanbul :
_bOptimist Yayınları,
_c2017
300 _a152 p.
650 4 _aİşletme ve Yönetim
650 4 _aBusiness Management
650 0 _aMüzakere
650 0 _aNegotiation
650 0 _aİşletmelerde müzakere
650 0 _aNegotiation in business
650 0 _aÇatışma yönetimi.
650 0 _aConflict management.
650 7 _aBUSINESS & ECONOMICS / Negotiating
_2bisacsh
700 1 _aBulsun, Utku Umut
856 4 0 _uhttp://search.ebscohost.com/login.aspx?direct=true&scope=site&db=e011xww&AN=2146794
999 _c20731
_d20731